| 000 | 00741nas a2200253 4500 | ||
|---|---|---|---|
| 001 | BR0306181 | ||
| 003 | BR-BrBNA | ||
| 005 | 20231205104221.0 | ||
| 007 | ta | ||
| 008 | 230509b bl.|||p| |||| 00| 00por d | ||
| 040 |
_aBR-BrBNA _bpor _cBiblioteca Nacional de Agricultura |
||
| 041 | _a(En) | ||
| 072 | _aL72 | ||
| 100 | 1 | _aCardoso, M.J.l. | |
| 100 | 1 | _aFranco, S.R.V.S. | |
| 245 | 1 | _aDemodicosis in golden hamster (Mesocricetus auratus)- First case in Brazil | |
| 650 | _aHAMSTER | ||
| 650 | _aPELE | ||
| 650 | _aPRAGA DE ANIMAL | ||
| 650 | _aVETERINÁRIA | ||
| 773 | 0 |
_tArs Veterinária (Brazil) _xISSN 0102-6380 _g(Aug 2003), v. 19(2) p. 126-128 _wBR0306181 |
|
| 909 |
_a202311 _bLúcia _c55 _dLúcia Elande |
||
| 942 |
_2AGRIS _n0 _cANA |
||
| 999 |
_c176992 _d176992 |
||